Szczegóły MARC21

Szczecin na starych pocztówkach = Stettin auf alten Ansichtskarten = Szczecin in old postcards /

003 -Nazwa inst., której nr kontr. jest w polu 001 [,]
    • @
    • Nazwa instytucji, której n kontrolny jest w polu 001
    • NUKAT
005 -DATA I CZAS OSTATNIEJ MODYFIKACJI [,]
    • @
    • pole kontrolne
    • 20241231093249.0
020 -Międzynarod. znormalizowany nr książki - ISBN [ , ]
    • a
    • Numer ISBN
    • 838874299X Find
040 -Instytucja sporządzająca opis [ , ]
    • a
    • Instytucja, która sporządziła opis (NP)
    • SZCZ 004/HZ
    • c
    • Instytucja, która sporządziła rekord (NP)
    • SZCZ 004/HZ
    • d
    • Instytucja, która zmodyfikowała rekord (P)
    • WA U/EMBs
    • d
    • Instytucja, która zmodyfikowała rekord (P)
    • LUBL U/GAs
    • d
    • Instytucja, która zmodyfikowała rekord (P)
    • WR O/djas
    • d
    • Instytucja, która zmodyfikowała rekord (P)
    • SZCZ ZUT/DB
041 -Język dokumentu [0, ]
    • a
    • Język tekstu (P)
    • polski
    • a
    • Język tekstu (P)
    • niemiecki
    • a
    • Język tekstu (P)
    • angielski
942 -Rodzaj dokumentu [ , ]
    • c
    • Rodzaj dokumentu
    • Książka
100 -Hasło główne - nazwa osobowa [1, ]
    • a
    • Nazwa osobowa (NP)
    • Czejarek, Roman
    • d
    • Daty biograficzne (NP)
    • (1966- ).
    • 9
    • KHW
    • 13724
245 -Strefa tytułu i oznaczenia odpowiedzialności [1,0]
    • a
    • Tytuł
    • Szczecin na starych pocztówkach = Find
    • b
    • Ciąg dalszy tytułu (NP)
    • Stettin auf alten Ansichtskarten = Szczecin in old postcards / Find
    • c
    • Pozostałe elementy strefy tytułu i oznaczenia odpowiedzialności (NP)
    • Roman Czejarek ; tł. Honorata Grzesiak, Monika Laskowska.
246 -Wariant tytułu [3,1]
    • a
    • Tytuł (NP)
    • Stettin auf alten Ansichtskarten
246 -Wariant tytułu [3,1]
    • a
    • Tytuł (NP)
    • Szczecin in old postcards
260 -Strefa adresu wydawniczego [ , ]
    • a
    • Miejsce wydania (P)
    • Łódź :
    • b
    • Nazwa wydawcy (P)
    • Piątek Trzynastego Wydawnictwo,
    • c
    • Data wydania (P)
    • 2005.
300 -Strefa opisu fizycznego [ , ]
    • a
    • Określenie formy książki i/lub objętość (NP)
    • 135 s. :
    • b
    • Oznaczenie ilustracji (NP)
    • il. ;
    • c
    • Format (NP)
    • 17 x 24 cm.
336 -Typ zawartości [ , ]
    • a
    • Termin opisujący typ zawartości
    • Tekst
    • b
    • Kod określający zawartość
    • txt
    • 2
    • Źródło (terminu i kodu)
    • rdacontent
337 -Typ mediów [ , ]
    • a
    • Tryb odtwarzania
    • Bez urządzenia pośredniczącego
    • b
    • Kod typu mediów
    • n
    • 2
    • Źródło (terminu i kodu)
    • rdamedia
338 -Typ/rodzaj nośnika [ , ]
    • a
    • Hasło opisujące typ nośnika
    • Wolumin
    • b
    • Kod typu nośnika
    • nc
    • 2
    • Źródło (terminu i kodu)
    • rdacarrier
504 -Uwaga dot. bibliogr. załącznikowej [ , ]
    • a
    • Uwaga dot. bibliografii załącznikowej
    • Bibliogr. s. [136].
546 -Uwaga dot. języka [ , ]
    • a
    • Uwaga dot. języka
    • Tekst równol. pol., niem., ang.
080 -Uniwersalna Klasyfikacja Dziesiętna [ , ]
    • a
    • Symbol klasyfikacji
    • 72(438)(084.121)Szczecin
650 -Hasło przedmiotowe [ ,7]
    • a
    • Hasło przedmiotowe
    • Karty pocztowe
    • z
    • Określnik geograficzny
    • Polska
    • z
    • Określnik geograficzny
    • Szczecin
    • y
    • Określnik chronologiczny
    • 1900-1945.
    • 2
    • Źródło terminu
    • kaba
    • 9
    • KHW
    • 610082
650 -Hasło przedmiotowe [ ,7]
    • a
    • Hasło przedmiotowe
    • Karty pocztowe
    • z
    • Określnik geograficzny
    • Polska
    • z
    • Określnik geograficzny
    • Szczecin
    • y
    • Określnik chronologiczny
    • 1870-1914.
    • 2
    • Źródło terminu
    • kaba
    • 9
    • KHW
    • 610580
651 -Hasło przedmiotowe w formie nazwy geograficznej [ ,7]
    • a
    • Nazwa geograficzna
    • Szczecin (Polska)
    • y
    • Określnik chronologiczny
    • 1900-1945
    • v
    • Określnik formalny
    • karty pocztowe.
    • 2
    • Źródło terminu
    • kaba
    • 9
    • KHW
    • 355443
651 -Hasło przedmiotowe w formie nazwy geograficznej [ ,7]
    • a
    • Nazwa geograficzna
    • Szczecin (Polska)
    • y
    • Określnik chronologiczny
    • 1870-1914
    • v
    • Określnik formalny
    • karty pocztowe.
    • 2
    • Źródło terminu
    • kaba
    • 9
    • KHW
    • 610579
980 -Symbol UKD [ , ]
    • a
    • UKD
    • 72(438)(084.121)Szczecin
700 -Hasło dodatkowe - nazwa osobowa [1, ]
    • a
    • Nazwa osobowa (NP)
    • Grzesiak, Honorata. Find
    • 9
    • KHW
    • 610636
700 -Hasło dodatkowe - nazwa osobowa [1, ]
    • a
    • Nazwa osobowa (NP)
    • Laskowska, Monika Find
    • c
    • Dopowiedzenie inne niż daty biograficzne (NP)
    • (tłumacz).
    • 9
    • KHW
    • 610637
710 -Hasło dodatkowe - nazwa ciała zbiorowego [2, ]
    • a
    • Nazwa ciała zbiorowego lub nazwa geograficzna jako pierwszy element (NP)
    • Piątek Trzynastego.
    • 4
    • Kod relacji
    • pbl
    • 9
    • KHW
    • 481879
920 -ISBN [ , ]
    • a
    • ISBN
    • 83-88742-99-X Find
Lokalizacja Data inwentaryzacji Status udost. Numer inwentarzowy Sygnatura
BG2006-02-161Z.105720Z.105720